[Event "DVM U20w 2022"]
[Site "Münster GER"]
[Date "2022.12.27"]
[Round "1"]
[White "Stowicek, Yara Mathilda"]
[Black "Kessen, Fanny"]
[Result "1-0"]
[Termination "normal"]
[Board "2.3"]
[WhiteElo "1764"]
[BlackElo "1369"]
[WhiteClock "01:01:12"]
[BlackClock "00:09:37"]
[WhiteTeam "USV Halle"]
[BlackTeam "SC Borussia Lichtenberg"]
[PlyCount "105"]
[WhiteFideId "16203569"]
[BlackFideId "16217357"]
[EventCountry "GER"]
[EventRounds "7"]
[EventType "team-swiss"]
[EventDate "2022.12.26"]

1. e4 {[%clk 01:30:57]} {[%emt 00:00:01]} e5 {[%clk 01:30:56]} {[%emt
00:00:06]} 2. Bc4 {[%clk 01:31:21]} {[%emt 00:00:06]} Nf6 {[%clk 01:31:00]}
{[%emt 00:00:26]} 3. Nf3 {[%clk 01:31:28]} {[%emt 00:00:22]} Nc6 {[%clk
01:30:59]} {[%emt 00:00:31]} 4. d3 {[%clk 01:31:49]} {[%emt 00:00:09]} Be7
{[%clk 01:30:41]} {[%emt 00:00:48]} 5. c3 {[%clk 01:31:56]} {[%emt 00:00:24]}
d6 {[%clk 01:29:13]} {[%emt 00:01:58]} 6. Nbd2 {[%clk 01:32:04]} {[%emt
00:00:21]} O-O {[%clk 01:27:46]} {[%emt 00:01:58]} 7. O-O {[%clk 01:32:10]}
{[%emt 00:00:23]} Be6 {[%clk 01:25:31]} {[%emt 00:02:46]} 8. Bb3 {[%clk
01:32:26]} {[%emt 00:00:14]} Re8 {[%clk 01:22:19]} {[%emt 00:03:41]} 9. Re1
{[%clk 01:32:31]} {[%emt 00:00:25]} a6 {[%clk 01:09:53]} {[%emt 00:12:58]} 10.
Nf1 {[%clk 01:32:24]} {[%emt 00:00:35]} Nh5 {[%clk 01:05:23]} {[%emt 00:05:00]}
11. Be3 {[%clk 01:30:07]} {[%emt 00:02:47]} Qc8 {[%clk 00:58:06]} {[%emt
00:07:48]} 12. Ng5 {[%clk 01:26:22]} {[%emt 00:04:15]} Nf4 {[%clk 00:52:57]}
{[%emt 00:05:38]} 13. Bxf4 {[%clk 01:26:00]} {[%emt 00:00:52]} exf4 {[%clk
00:52:25]} {[%emt 00:01:02]} 14. Nxe6 {[%clk 01:26:00]} {[%emt 00:00:30]} fxe6
{[%clk 00:51:48]} {[%emt 00:01:07]} 15. Qg4 {[%clk 01:26:13]} {[%emt 00:00:17]}
Nd8 {[%clk 00:42:25]} {[%emt 00:09:54]} 16. Qxf4 {[%clk 01:26:15]} {[%emt
00:00:27]} Rf8 {[%clk 00:42:32]} {[%emt 00:00:24]} 17. Qg4 {[%clk 01:25:46]}
{[%emt 00:00:57]} Kh8 {[%clk 00:41:15]} {[%emt 00:01:48]} 18. Re3 {[%clk
01:25:08]} {[%emt 00:01:08]} g6 {[%clk 00:35:33]} {[%emt 00:06:12]} 19. Rh3
{[%clk 01:24:07]} {[%emt 00:01:30]} Rg8 {[%clk 00:31:14]} {[%emt 00:04:50]} 20.
Ne3 {[%clk 01:22:52]} {[%emt 00:01:45]} Rg7 {[%clk 00:28:36]} {[%emt 00:03:09]}
21. d4 {[%clk 01:19:11]} {[%emt 00:04:11]} e5 {[%clk 00:24:54]} {[%emt
00:04:13]} 22. Qg3 {[%clk 01:18:10]} {[%emt 00:01:30]} Nc6 {[%clk 00:23:26]}
{[%emt 00:01:59]} 23. Rd1 {[%clk 01:17:27]} {[%emt 00:01:12]} Bf6 {[%clk
00:21:16]} {[%emt 00:02:41]} 24. Ng4 {[%clk 01:16:34]} {[%emt 00:01:24]} Qf8
{[%clk 00:19:46]} {[%emt 00:02:00]} 25. Nxf6 {[%clk 01:15:00]} {[%emt
00:02:03]} Qxf6 {[%clk 00:20:07]} {[%emt 00:00:09]} 26. dxe5 {[%clk 01:14:49]}
{[%emt 00:00:40]} Nxe5 {[%clk 00:18:31]} {[%emt 00:02:08]} 27. f4 {[%clk
01:14:27]} {[%emt 00:00:50]} Nc6 {[%clk 00:18:11]} {[%emt 00:00:51]} 28. Qg4
{[%clk 01:10:15]} {[%emt 00:04:42]} Re8 {[%clk 00:16:33]} {[%emt 00:02:08]} 29.
Re1 {[%clk 01:08:19]} {[%emt 00:02:25]} Na5 {[%clk 00:13:20]} {[%emt 00:03:44]}
30. Bc2 {[%clk 01:06:07]} {[%emt 00:02:41]} d5 {[%clk 00:12:09]} {[%emt
00:01:42]} 31. b4 {[%clk 01:03:43]} {[%emt 00:02:53]} Nc4 {[%clk 00:09:37]}
{[%emt 00:03:02]} 32. e5 {[%clk 01:01:12]} {[%emt 00:03:01]} Qe6 33. Qe2 {[%clk
01:01:12]} Rf7 34. Rf3 {[%clk 01:01:12]} Ref8 35. Ref1 {[%clk 01:01:12]} Qb6
36. Kh1 {[%clk 01:01:12]} Qe6 37. Bd3 {[%clk 01:01:12]} b5 38. h3 {[%clk
01:01:12]} Qd7 39. g4 {[%clk 01:01:12]} c5 40. Bxc4 {[%clk 01:01:12]} dxc4 41.
a3 {[%clk 01:01:12]} cxb4 42. axb4 {[%clk 01:01:12]} Qb7 43. Kh2 {[%clk
01:01:12]} Qc8 44. e6 {[%clk 01:01:12]} Re7 45. f5 {[%clk 01:01:12]} Rf6 46.
Rd1 {[%clk 01:01:12]} Qc7 47. Kg2 {[%clk 01:01:12]} Qc6 48. Kf1 {[%clk
01:01:12]} Rexe6 49. fxe6 {[%clk 01:01:12]} Rxf3 50. Ke1 {[%clk 01:01:12]} Rf6
51. e7 {[%clk 01:01:12]} Re6 52. Rd8 {[%clk 01:01:12]} Kg7 53. e8=Q {[%clk
01:01:12]} 1-0

[Event "DVM U20w 2022"]
[Site "Münster GER"]
[Date "2022.12.27"]
[Round "1"]
[White "Ludwig, Lea"]
[Black "Derling, Charlotte"]
[Result "0-1"]
[Termination "normal"]
[Board "2.4"]
[WhiteElo "1315"]
[BlackElo "1627"]
[WhiteClock "00:44:07"]
[BlackClock "00:15:23"]
[WhiteTeam "SC Borussia Lichtenberg"]
[BlackTeam "USV Halle"]
[PlyCount "50"]
[WhiteFideId "16217381"]
[BlackFideId "16222237"]
[EventCountry "GER"]
[EventRounds "7"]
[EventType "team-swiss"]
[EventDate "2022.12.26"]

1. d4 {[%clk 01:30:59]} d5 {[%clk 01:30:49]} {[%emt 00:00:11]} 2. Bf4 {[%clk
01:31:18]} {[%emt 00:00:11]} Nf6 {[%clk 01:30:56]} {[%emt 00:00:23]} 3. e3
{[%clk 01:31:01]} {[%emt 00:00:47]} e6 {[%clk 01:30:28]} {[%emt 00:00:57]} 4.
Bd3 {[%clk 01:30:17]} {[%emt 00:01:15]} Bd6 {[%clk 01:30:21]} {[%emt 00:00:36]}
5. Bg3 {[%clk 01:30:30]} {[%emt 00:00:17]} O-O {[%clk 01:24:15]} {[%emt
00:06:36]} 6. Nf3 {[%clk 01:28:27]} {[%emt 00:02:33]} b6 {[%clk 01:20:31]}
{[%emt 00:04:13]} 7. Nbd2 {[%clk 01:27:20]} {[%emt 00:01:39]} c5 {[%clk
01:18:09]} {[%emt 00:02:51]} 8. c3 {[%clk 01:26:28]} {[%emt 00:01:22]} Nc6
{[%clk 01:15:22]} {[%emt 00:03:16]} 9. Qe2 {[%clk 01:20:33]} {[%emt 00:06:27]}
Bb7 {[%clk 01:09:31]} {[%emt 00:06:20]} 10. dxc5 {[%clk 01:19:14]} {[%emt
00:01:50]} bxc5 {[%clk 01:07:13]} {[%emt 00:02:48]} 11. e4 {[%clk 01:18:35]}
{[%emt 00:01:09]} Bc7 {[%clk 00:53:30]} {[%emt 00:14:12]} 12. e5 {[%clk
01:09:28]} {[%emt 00:09:38]} Nd7 {[%clk 00:49:19]} {[%emt 00:04:40]} 13. O-O
{[%clk 01:07:11]} {[%emt 00:02:48]} Re8 {[%clk 00:40:46]} {[%emt 00:09:02]} 14.
Bh4 {[%clk 00:54:40]} {[%emt 00:13:03]} f6 {[%clk 00:35:34]} {[%emt 00:05:41]}
15. exf6 {[%clk 00:53:25]} {[%emt 00:01:45]} Nxf6 {[%clk 00:35:41]} {[%emt
00:00:23]} 16. Rfe1 {[%clk 00:51:45]} {[%emt 00:02:10]} e5 {[%clk 00:26:38]}
{[%emt 00:09:32]} 17. Bc2 {[%clk 00:49:00]} {[%emt 00:03:16]} e4 {[%clk
00:22:55]} {[%emt 00:04:13]} 18. Ng5 {[%clk 00:49:02]} {[%emt 00:00:29]} Ne5
{[%clk 00:21:47]} {[%emt 00:01:37]} 19. f3 {[%clk 00:44:59]} {[%emt 00:04:33]}
h6 {[%clk 00:15:23]} {[%emt 00:06:53]} 20. Nh3 {[%emt 00:01:24]} exf3 21. Nxf3
d4 22. Nxe5 Bxe5 23. Qd2 Qd6 24. cxd4 Bxd4 25. Nf2 {[%clk 00:44:07]} Qc6 0-1

[Event "DVM U20w 2022"]
[Site "Münster GER"]
[Date "2022.12.27"]
[Round "1"]
[White "Wolterink, Jule"]
[Black "Rudolph, Eva"]
[Result "0-1"]
[Termination "normal"]
[Board "3.1"]
[WhiteElo "1424"]
[BlackElo "1818"]
[WhiteClock "00:38:01"]
[BlackClock "00:21:20"]
[WhiteTeam "SK Lehrte von 1919 e. V."]
[BlackTeam "Schachgesellschaft Solingen e. V."]
[PlyCount "60"]
[WhiteFideId "12981206"]
[BlackFideId "16200594"]
[EventCountry "GER"]
[EventRounds "7"]
[EventType "team-swiss"]
[EventDate "2022.12.26"]

1. d4 {[%clk 01:30:57]} {[%emt 00:00:03]} Nf6 {[%clk 01:30:53]} {[%emt
00:00:07]} 2. Bf4 {[%clk 01:31:14]} {[%emt 00:00:12]} c5 {[%clk 01:31:12]}
{[%emt 00:00:12]} 3. e3 {[%clk 01:31:14]} {[%emt 00:00:29]} Nd5 {[%clk
01:31:29]} {[%emt 00:00:13]} 4. Bg3 {[%clk 01:30:35]} {[%emt 00:01:09]} Qb6
{[%clk 01:31:38]} {[%emt 00:00:22]} 5. Qc1 {[%clk 01:27:50]} {[%emt 00:03:16]}
cxd4 {[%clk 01:30:55]} {[%emt 00:01:12]} 6. c4 {[%clk 01:22:44]} {[%emt
00:05:36]} Qa5 {[%clk 01:18:59]} {[%emt 00:12:26]} 7. Qd2 {[%clk 01:18:21]}
{[%emt 00:04:53]} Qxd2 {[%clk 01:17:09]} {[%emt 00:02:21]} 8. Kxd2 {[%clk
01:17:52]} {[%emt 00:00:58]} dxe3 {[%clk 01:15:48]} {[%emt 00:01:51]} 9. fxe3
{[%clk 01:18:10]} {[%emt 00:00:12]} Nf6 {[%clk 01:15:22]} {[%emt 00:00:55]} 10.
Nc3 {[%clk 01:17:29]} {[%emt 00:01:12]} d6 {[%clk 01:13:05]} {[%emt 00:02:46]}
11. Bd3 {[%clk 01:16:02]} {[%emt 00:01:57]} g6 {[%clk 00:59:12]} {[%emt
00:14:23]} 12. Nf3 {[%clk 01:12:30]} {[%emt 00:04:02]} Bh6 {[%clk 00:54:47]}
{[%emt 00:04:54]} 13. Ke2 {[%clk 01:08:49]} {[%emt 00:04:11]} Nc6 {[%clk
00:51:46]} {[%emt 00:03:32]} 14. a3 {[%clk 01:05:57]} {[%emt 00:03:22]} Be6
{[%clk 00:49:20]} {[%emt 00:02:56]} 15. Rhe1 {[%clk 01:01:07]} {[%emt
00:05:20]} Na5 {[%clk 00:45:07]} {[%emt 00:04:43]} 16. Nd2 {[%clk 00:56:28]}
{[%emt 00:05:09]} Rc8 {[%clk 00:41:52]} {[%emt 00:03:44]} 17. b3 {[%clk
00:54:13]} {[%emt 00:02:46]} Ng4 {[%clk 00:32:42]} {[%emt 00:09:39]} 18. h3
{[%clk 00:49:59]} {[%emt 00:04:44]} Nxe3 {[%clk 00:31:24]} {[%emt 00:01:48]}
19. Be4 {[%clk 00:47:53]} {[%emt 00:02:36]} Nxb3 {[%clk 00:21:11]} {[%emt
00:10:43]} 20. Nxb3 {[%clk 00:38:01]} {[%emt 00:10:22]} Bxc4 {[%clk 00:21:20]}
{[%emt 00:00:21]} 21. Kf3 Bxb3 {[%clk 00:21:20]} 22. Nb5 Nc2 {[%clk 00:21:20]}
23. Bxc2 Rxc2 {[%clk 00:21:20]} 24. Bxd6 Bd5 {[%clk 00:21:20]} 25. Kg4 Rxg2
{[%clk 00:21:20]} 26. Bg3 f5 {[%clk 00:21:20]} 27. Kh4 Kf7 {[%clk 00:21:20]}
28. Rad1 Bg7 {[%clk 00:21:20]} 29. Be5 g5 {[%clk 00:21:20]} 30. Kh5 Bf3# {[%clk
00:21:20]} 0-1

[Event "DVM U20w 2022"]
[Site "Münster GER"]
[Date "2022.12.27"]
[Round "1"]
[White "Sereda, Yaroslava"]
[Black "Strübel, Katharina"]
[Result "1-0"]
[Termination "normal"]
[Board "3.2"]
[WhiteElo "1885"]
[BlackElo "1325"]
[WhiteClock "01:01:18"]
[BlackClock "01:15:18"]
[WhiteTeam "Schachgesellschaft Solingen e. V."]
[BlackTeam "SK Lehrte von 1919 e. V."]
[PlyCount "145"]
[WhiteFideId "14178940"]
[BlackFideId "16284879"]
[EventCountry "GER"]
[EventRounds "7"]
[EventType "team-swiss"]
[EventDate "2022.12.26"]

1. e4 {[%clk 01:30:57]} {[%emt 00:00:01]} e5 {[%clk 01:30:49]} {[%emt
00:00:12]} 2. Nf3 {[%clk 01:31:17]} {[%emt 00:00:10]} Nc6 {[%clk 01:31:06]} 3.
Bb5 {[%clk 01:31:34]} {[%emt 00:00:26]} a6 {[%clk 01:31:24]} 4. Ba4 {[%clk
01:31:34]} Nf6 {[%clk 01:31:24]} 5. d3 {[%clk 01:31:34]} Be7 {[%clk 01:31:24]}
6. O-O {[%clk 01:31:34]} d6 {[%clk 01:31:24]} 7. c4 {[%clk 01:31:34]} O-O
{[%clk 01:31:24]} 8. h3 {[%clk 01:31:34]} Nd7 {[%clk 01:31:24]} 9. Be3 {[%clk
01:31:34]} Nb6 {[%clk 01:31:24]} 10. Bxc6 {[%clk 01:31:34]} bxc6 {[%clk
01:31:24]} 11. Nc3 {[%clk 01:01:18]} {[%emt 00:52:07]} f5 {[%clk 01:15:18]} 12.
c5 {[%clk 01:01:18]} f4 {[%clk 01:15:18]} 13. cxd6 {[%clk 01:01:18]} Qxd6
{[%clk 01:15:18]} 14. Bxb6 {[%clk 01:01:18]} cxb6 {[%clk 01:15:18]} 15. Qb3
{[%clk 01:01:18]} Kh8 {[%clk 01:15:18]} 16. Qxb6 {[%clk 01:01:18]} Rb8 {[%clk
01:15:18]} 17. Qa5 {[%clk 01:01:18]} Rxb2 {[%clk 01:15:18]} 18. Rac1 {[%clk
01:01:18]} Bf6 {[%clk 01:15:18]} 19. Rfd1 {[%clk 01:01:18]} Qb4 {[%clk
01:15:18]} 20. Qxb4 {[%clk 01:01:18]} Rxb4 {[%clk 01:15:18]} 21. Nb1 {[%clk
01:01:18]} Rb6 {[%clk 01:15:18]} 22. Rc5 {[%clk 01:01:18]} Be6 {[%clk
01:15:18]} 23. Nc3 {[%clk 01:01:18]} Rd8 {[%clk 01:15:18]} 24. Nxe5 {[%clk
01:01:18]} Bxe5 {[%clk 01:15:18]} 25. Rxe5 {[%clk 01:01:18]} Rd6 {[%clk
01:15:18]} 26. d4 {[%clk 01:01:18]} Kg8 {[%clk 01:15:18]} 27. d5 {[%clk
01:01:18]} Bf7 {[%clk 01:15:18]} 28. Ne2 {[%clk 01:01:18]} cxd5 {[%clk
01:15:18]} 29. exd5 {[%clk 01:01:18]} Rb5 {[%clk 01:15:18]} 30. Nxf4 {[%clk
01:01:18]} h6 {[%clk 01:15:18]} 31. h4 {[%clk 01:01:18]} g6 {[%clk 01:15:18]}
32. g3 {[%clk 01:01:18]} Kg7 {[%clk 01:15:18]} 33. Rc1 {[%clk 01:01:18]} Kf6
{[%clk 01:15:18]} 34. Re2 {[%clk 01:01:18]} Bxd5 {[%clk 01:15:18]} 35. Rd2
{[%clk 01:01:18]} g5 {[%clk 01:15:18]} 36. hxg5 {[%clk 01:01:18]} hxg5 {[%clk
01:15:18]} 37. Nxd5 {[%clk 01:01:18]} Rdxd5 {[%clk 01:15:18]} 38. Rxd5 {[%clk
01:01:18]} Rxd5 {[%clk 01:15:18]} 39. Rc6 {[%clk 01:01:18]} Kf5 {[%clk
01:15:18]} 40. Rxa6 {[%clk 01:01:18]} Kg4 {[%clk 01:15:18]} 41. Kg2 {[%clk
01:01:18]} Kf5 {[%clk 01:15:18]} 42. Ra8 {[%clk 01:01:18]} Ke6 {[%clk
01:15:18]} 43. a4 {[%clk 01:01:18]} Kd7 {[%clk 01:15:18]} 44. a5 {[%clk
01:01:18]} Kc7 {[%clk 01:15:18]} 45. a6 {[%clk 01:01:18]} Ra5 {[%clk 01:15:18]}
46. Kf3 {[%clk 01:01:18]} Re5 {[%clk 01:15:18]} 47. Rg8 {[%clk 01:01:18]} Kb6
{[%clk 01:15:18]} 48. Rg6 {[%clk 01:01:18]} Ka7 {[%clk 01:15:18]} 49. Kg4
{[%clk 01:01:18]} Ra5 {[%clk 01:15:18]} 50. f3 {[%clk 01:01:18]} Ka8 {[%clk
01:15:18]} 51. Rf6 {[%clk 01:01:18]} Ka7 {[%clk 01:15:18]} 52. Rf5 {[%clk
01:01:18]} Rxa6 {[%clk 01:15:18]} 53. Kxg5 {[%clk 01:01:18]} Kb7 {[%clk
01:15:18]} 54. g4 {[%clk 01:01:18]} Kc7 {[%clk 01:15:18]} 55. Rf6 {[%clk
01:01:18]} Ra5 {[%clk 01:15:18]} 56. Kg6 {[%clk 01:01:18]} Kd7 {[%clk
01:15:18]} 57. f4 {[%clk 01:01:18]} Ke7 {[%clk 01:15:18]} 58. Rf7 {[%clk
01:01:18]} Ke8 {[%clk 01:15:18]} 59. f5 {[%clk 01:01:18]} Ra6 {[%clk 01:15:18]}
60. Kg7 {[%clk 01:01:18]} Ra4 {[%clk 01:15:18]} 61. g5 {[%clk 01:01:18]} Rh4
{[%clk 01:15:18]} 62. g6 {[%clk 01:01:18]} Rg4 {[%clk 01:15:18]} 63. f6 {[%clk
01:01:18]} Rh4 {[%clk 01:15:18]} 64. Re7 {[%clk 01:01:18]} Kd8 {[%clk
01:15:18]} 65. f7 {[%clk 01:01:18]} Kxe7 {[%clk 01:15:18]} 66. f8=Q {[%clk
01:01:18]} Kd7 {[%clk 01:15:18]} 67. Qf5 {[%clk 01:01:18]} Ke8 {[%clk
01:15:18]} 68. Kf6 {[%clk 01:01:18]} Kd8 {[%clk 01:15:18]} 69. g7 {[%clk
01:01:18]} Rh6 {[%clk 01:15:18]} 70. Kf7 {[%clk 01:01:18]} Rd6 {[%clk
01:15:18]} 71. g8=Q {[%clk 01:01:18]} Kc7 {[%clk 01:15:18]} 72. Qgc8 {[%clk
01:01:18]} Kb6 {[%clk 01:15:18]} 73. Qfc5# {[%clk 01:01:18]} 1-0

[Event "DVM U20w 2022"]
[Site "Münster GER"]
[Date "2022.12.27"]
[Round "1"]
[White "Stelter, Finja"]
[Black "Fetahovic, Sarah"]
[Result "0-1"]
[Termination "normal"]
[Board "3.3"]
[WhiteElo "1312"]
[BlackElo "1340"]
[WhiteClock "00:34:09"]
[BlackClock "00:30:35"]
[WhiteTeam "SK Lehrte von 1919 e. V."]
[BlackTeam "Schachgesellschaft Solingen e. V."]
[PlyCount "84"]
[WhiteFideId "16298624"]
[BlackFideId "34601546"]
[EventCountry "GER"]
[EventRounds "7"]
[EventType "team-swiss"]
[EventDate "2022.12.26"]

1. e4 {[%clk 01:30:59]} {[%emt 13:36:57]} e5 {[%clk 01:30:55]} {[%emt
00:00:07]} 2. Nf3 {[%clk 01:31:26]} {[%emt 00:00:02]} Nc6 {[%clk 01:31:16]}
{[%emt 00:00:09]} 3. d4 {[%clk 01:31:45]} {[%emt 00:00:10]} exd4 {[%clk
01:31:37]} {[%emt 00:00:09]} 4. Nxd4 {[%clk 01:32:10]} {[%emt 00:00:05]} Qf6
{[%clk 01:31:53]} {[%emt 00:00:14]} 5. Be3 {[%clk 01:31:34]} {[%emt 00:01:06]}
Bc5 {[%clk 01:31:52]} {[%emt 00:00:32]} 6. c3 {[%clk 01:30:44]} {[%emt
00:01:20]} Nge7 {[%clk 01:31:17]} {[%emt 00:01:04]} 7. Bc4 {[%clk 01:28:27]}
{[%emt 00:02:47]} O-O {[%clk 01:22:03]} {[%emt 00:09:44]} 8. Qd2 {[%clk
01:24:40]} {[%emt 00:04:18]} h6 {[%clk 01:16:51]} {[%emt 00:05:42]} 9. O-O
{[%clk 01:22:35]} {[%emt 00:02:35]} Re8 {[%clk 01:09:05]} {[%emt 00:08:16]} 10.
b4 {[%clk 01:16:30]} {[%emt 00:06:36]} Bb6 {[%clk 01:03:13]} {[%emt 00:06:22]}
11. a4 {[%clk 01:07:09]} {[%emt 00:09:51]} Ne5 {[%clk 00:54:21]} {[%emt
00:09:22]} 12. Qe2 {[%clk 01:03:26]} {[%emt 00:04:12]} Nxc4 {[%clk 00:44:16]}
{[%emt 00:10:36]} 13. Qxc4 {[%clk 01:02:15]} {[%emt 00:01:41]} c6 {[%clk
00:43:59]} {[%emt 00:00:46]} 14. a5 {[%clk 01:00:48]} {[%emt 00:01:58]} Bc7
{[%clk 00:41:00]} {[%emt 00:03:29]} 15. Nf3 {[%clk 00:58:06]} {[%emt 00:03:12]}
d5 {[%clk 00:37:09]} {[%emt 00:04:21]} 16. exd5 {[%clk 00:53:54]} {[%emt
00:04:43]} Nxd5 {[%clk 00:36:11]} {[%emt 00:01:28]} 17. Bd4 {[%clk 00:44:47]}
{[%emt 00:09:36]} Qg6 {[%clk 00:30:35]} {[%emt 00:06:05]} 18. Nbd2 {[%clk
00:34:09]} {[%emt 00:11:09]} Be6 19. Qc5 {[%clk 00:34:09]} Bh3 20. Nh4 {[%clk
00:34:09]} Qg4 21. g3 {[%clk 00:34:09]} Bxf1 22. Kxf1 {[%clk 00:34:09]} Qe2 23.
Kg1 {[%clk 00:34:09]} Qxd2 24. Nf3 {[%clk 00:34:09]} Qd3 25. Kg2 {[%clk
00:34:09]} Qb5 26. c4 {[%clk 00:34:09]} Qxc5 27. Bxc5 {[%clk 00:34:09]} Nf6 28.
Bd4 {[%clk 00:34:09]} b6 29. axb6 {[%clk 00:34:09]} axb6 30. Rc1 {[%clk
00:34:09]} Nd7 31. c5 {[%clk 00:34:09]} b5 32. Nh4 {[%clk 00:34:09]} g6 33. Rc2
{[%clk 00:34:09]} Ne5 34. f4 {[%clk 00:34:09]} Nd3 35. Bc3 {[%clk 00:34:09]}
Ne1 36. Bxe1 {[%clk 00:34:09]} Rxe1 37. f5 {[%clk 00:34:09]} Rae8 38. fxg6
{[%clk 00:34:09]} R8e2 39. Rxe2 {[%clk 00:34:09]} Rxe2 40. Kh3 {[%clk
00:34:09]} Re4 41. gxf7 {[%clk 00:34:09]} Kxf7 42. Nf5 {[%clk 00:34:09]} Kg6
0-1

[Event "DVM U20w 2022"]
[Site "Münster GER"]
[Date "2022.12.27"]
[Round "1"]
[White "Dhanasekaran Meenambigai, Diya"]
[Black "Daoud, Shahnaz"]
[Result "1/2-1/2"]
[Termination "normal"]
[Board "3.4"]
[WhiteElo "1437"]
[BlackElo "1367"]
[WhiteClock "01:03:26"]
[BlackClock "01:00:13"]
[WhiteTeam "Schachgesellschaft Solingen e. V."]
[BlackTeam "SK Lehrte von 1919 e. V."]
[PlyCount "46"]
[WhiteFideId "34611924"]
[BlackFideId "16297750"]
[EventCountry "GER"]
[EventRounds "7"]
[EventType "team-swiss"]
[EventDate "2022.12.26"]

1. e4 {[%clk 01:30:55]} {[%emt 00:00:04]} e6 {[%clk 01:30:52]} {[%emt
00:00:09]} 2. d4 {[%clk 01:31:06]} {[%emt 00:00:18]} d5 {[%clk 01:31:12]}
{[%emt 00:00:10]} 3. exd5 {[%clk 01:31:01]} {[%emt 00:00:36]} exd5 {[%clk
01:30:04]} {[%emt 00:01:38]} 4. c4 {[%clk 01:30:47]} {[%emt 00:00:44]} Nf6
{[%clk 01:29:38]} {[%emt 00:00:56]} 5. Nc3 {[%clk 01:29:19]} {[%emt 00:01:58]}
c6 {[%clk 01:27:12]} {[%emt 00:02:56]} 6. Nf3 {[%clk 01:28:17]} {[%emt
00:01:32]} Be7 {[%clk 01:27:05]} {[%emt 00:00:36]} 7. Be2 {[%clk 01:27:20]}
{[%emt 00:01:28]} Bg4 {[%clk 01:27:04]} {[%emt 00:00:31]} 8. O-O {[%clk
01:26:58]} {[%emt 00:00:52]} O-O {[%clk 01:27:10]} {[%emt 00:00:24]} 9. h3
{[%clk 01:26:51]} {[%emt 00:00:38]} Bh5 {[%clk 01:25:27]} {[%emt 00:02:13]} 10.
Re1 {[%clk 01:24:34]} {[%emt 00:02:48]} Re8 {[%clk 01:23:52]} {[%emt 00:02:04]}
11. Qb3 {[%clk 01:20:12]} {[%emt 00:04:51]} Qc7 {[%clk 01:21:56]} {[%emt
00:02:25]} 12. cxd5 {[%clk 01:19:17]} {[%emt 00:01:26]} cxd5 {[%clk 01:20:30]}
{[%emt 00:01:56]} 13. Nxd5 {[%clk 01:18:52]} {[%emt 00:00:56]} Nxd5 {[%clk
01:19:50]} {[%emt 00:01:09]} 14. Qxd5 {[%clk 01:18:55]} {[%emt 00:00:28]} Bg6
{[%clk 01:19:07]} {[%emt 00:01:12]} 15. Ne5 {[%clk 01:11:10]} {[%emt 00:08:16]}
Rd8 {[%clk 01:17:33]} {[%emt 00:02:04]} 16. Qc4 {[%clk 01:10:04]} {[%emt
00:01:35]} Qxc4 {[%clk 01:07:27]} {[%emt 00:10:37]} 17. Bxc4 {[%clk 01:10:16]}
{[%emt 00:00:18]} Bf6 {[%clk 01:06:06]} {[%emt 00:01:51]} 18. Nxg6 {[%clk
01:09:04]} {[%emt 00:01:42]} hxg6 {[%clk 01:06:17]} {[%emt 00:00:20]} 19. d5
{[%clk 01:08:00]} {[%emt 00:01:35]} Nd7 {[%clk 01:05:19]} {[%emt 00:01:27]} 20.
Rb1 {[%clk 01:05:06]} {[%emt 00:03:24]} Nb6 {[%clk 01:05:13]} {[%emt 00:00:37]}
21. Bb3 {[%clk 01:04:10]} {[%emt 00:01:25]} Nxd5 {[%clk 01:04:37]} {[%emt
00:01:07]} 22. Bxd5 {[%clk 01:04:01]} {[%emt 00:00:38]} Rxd5 {[%clk 01:04:53]}
{[%emt 00:00:14]} 23. Bf4 {[%clk 01:03:26]} {[%emt 00:01:05]} Rc8 {[%clk
01:00:13]} {[%emt 00:05:11]} 1/2-1/2